Roger Moore Filmography - Statistics

General Stats
  • This quiz has been taken 81 times
    8 since last reset
  • The average score is 15 of 167
Answer Stats
Type Year Name % Correct
Film 1973 Live and Let Die
86%
Film 1981 For Your Eyes Only
71%
Film 1979 Moonraker
71%
Film 1983 Octopussy
71%
TV Show 1962-1969 The Saint
71%
Film 1997 The Saint
71%
TV Film 2017 The Saint
71%
Film 1977 The Spy Who Loved Me
71%
Film 1985 A View to a Kill
57%
Film 1974 Gold
57%
Film 1974 The Man with the Golden Gun
57%
Film 1979 Escape to Athena
43%
Film 1981 The Cannonball Run
43%
Film 1970 The Man Who Haunted Himself
43%
Film 1980 The Sea Wolves
43%
Film 1978 The Wild Geese
43%
Film 1956 Diane
29%
TV Show 1959-1961 Maverick
29%
Film 1979 North Sea Hijack
29%
Film 1976 Shout at the Devil
29%
Film 1976 Street People
29%
Film 1984 The Naked Face
29%
Audiobook 1987 The Naked Face
29%
Theater 1953 A Pin to See the Peepshow
14%
Film 1992 Bed & Breakfast
14%
Film 2002 Boat Trip
14%
Film 1990 Bullseye!
14%
Film 1945 Caesar and Cleopatra
14%
Film 1969 Crossplot
14%
TV Show 1958-1959 Ivanhoe
14%
TV Film 1953 Julius Caesar
14%
Film 1946 Piccadilly Incident
14%
TV Film 1976 Sherlock Holmes in New York
14%
Film 1997 Spice World
14%
Commercial 2003 Tesco
14%
Film 1975 That Lucky Touch
14%
TV Show 1959-1960 The Alaskans
14%
Film 1949 The Gay Lady
14%
TV Show 1980 The Muppet Show
14%
TV Show 1971-1972 The Persuaders!
14%
Theater 2003 The Play What I Wrote
14%
Film 1996 The Quest
14%
Film 1945 Vacation from Marriage
14%
TV Show 1959, 1961 77 Sunset Strip
0%
Film 2008 Agent Crush
0%
TV Film 1949 A House in the Square
0%
Audiobook 1966 Aladdin
0%
TV Show 1959 Alfred Hitchcock Presents
0%
TV Show 2002 Alias
0%
TV Film 2011 A Princess for Christmas
0%
TV Show 1957 Assignment Foreign Legion
0%
TV Documentary 1993 Audrey Hepburn Remembered
0%
Commercial 2000 Bank's
0%
TV Documentary 2002 Best Ever Bond
0%
Documentary Series 1995 Biography
0%
TV Film 1953 Black Chiffon
0%
Audiobook 2006 Catching Life by the Throat: How to Read Poetry and Why - Poems from Eight Great Poets
0%
Film 2010 Cats & Dogs: The Revenge of Kitty Galore
0%
Documentary 2005 Charles Lindbergh: The True Story
0%
Documentary Series 1999 Children Without Childhood
0%
TV Show 1981 Clapper Board
0%
Film 1983 Curse of the Pink Panther
0%
TV Special 1991 Danny Kaye International Children Award for Unicef
0%
TV Show 1969 Dee Time
0%
Film 2009 De Vilde Svaner
0%
TV Short 1950 Drawing-Room Detective
0%
Short Documentary 2010 Ducks and Geese: Force-Fed to Death
0%
Film 1990 Fire, Ice and Dynamite
0%
TV Short 2005 Foley & McColl: This Way Up
0%
TV Show 1956 Ford Star Jubilee
0%
Documentary 2024 From Roger Moore with Love
0%
TV Documentary 2008 Giving Is Good
0%
Video Game 2015 GivingTales
0%
Film 1961 Gold of the Seven Saints
0%
TV Show 1956 Goodyear Playhouse
0%
TV Documentary 1987 Happy Anniversary 007: 25 Years of James Bond
0%
Film 2005 Here Comes Peter Cottontail: The Movie
0%
Film 1951 Honeymoon Deferred
0%
Audiobook 1986 If Tomorrow Comes
0%
Film 2013 Incompatibles
0%
Short Documentary 2012 Inside Foie Gras Farms
0%
Film 1955 Interrupted Melody
0%
TV Documentary 2001 In the Footsteps of the Holy Family
0%
TV Documentary 1994 It's Alive: The True Story of Frankenstein
0%
TV Documentary 1983 James Bond: The First 21 Years
0%
Commercial 1988 Lark Milds
0%
TV Show 1977-1978 Laugh-In
0%
TV Special 2007 Leslie Charteris: A Saintly Centennial
0%
Music Video 1993 Living It Up
0%
TV Show 1957 Lux Video Theatre
0%
TV Show 1964 Mainly Millicent
0%
TV Show 1957 Matinee Theatre
0%
Short TV Documentary 1979 My Name Is Bond... James Bond
0%
TV Show 1994 Noel's House Party
0%
Film 1962 No Man's Land
0%
Commercial 1999 ÖBB Austrian Railways
0%
Film 1951 One Wild Oat
0%
Film 2002 On Our Own Vesna
0%
TV Documentary 1995 Orphans of a Wine Dark Sea
0%
Film 1949 Paper Orchid
0%
Commercial 2009 Post Office
0%
Short Documentary 1958 Proud Heritage
0%
Commercial 1985 Renault 11
0%
TV Show 1953 Robert Montgomery Presents
0%
Film 1961 Romulus and the Sabines
0%
TV Show 1969, 1970 Rowan & Martin's Laugh-In
0%
TV Show 1975 Sammy and Company
0%
Commercial 1983 Seiko Octopussy
0%
Film 1946 Showtime
0%
TV Documentary 1990 Sinatra 75: The Best Is Yet to Come
0%
Audiobook 1966 Snow White and the Seven Dwarfs
0%
TV Documentary 1998 SpyTek
0%
Film 1980 Sunday Lovers
0%
Commercial 2015 Swisscom
0%
TV Show 2002 Tatort
0%
Award Show 1977 The 1st British Academy Awards
0%
Award Show 2007 The 2007 World Magic Awards
0%
Award Show 1982 The 2nd American Movie Awards
0%
TV Special 1986 The Annual Friars Club Tribute Presents a Salute to Roger Moore
0%
TV Special 2008 The Bond Correspondence
0%
Film 2016 The Carer
0%
TV Film 1953 The Clay of Kings
0%
TV Show 1999 The Dream Team
0%
Film 2001 The Enemy
0%
Film 1968 The Fiction-Makers
0%
Short Film 2004 The Fly Who Loved Me
0%
TV Film 1949 The Governess
0%
TV Show 1969 The Hollywood Squares
0%
Film 1949 The Interrupted Journey
0%
Film 1955 The King's Thief
0%
Film 1954 The Last Time I Saw Paris
0%
TV Show 2014, 2017 The Life of Rock with Brian Pern
0%
Short Film 2011 The Lighter
0%
TV Show 1966 The London Palladium Show
0%
Film 1987 The Magic Snowman
0%
Documentary Series 1977 The Making of 'The Spy Who Loved Me'
0%
TV Film 1994 The Man Who Wouldn't Die
0%
TV Show 1971, 1972 The Marty Feldman Comedy Machine
0%
TV Show 1967 The Match Game
0%
TV Show 1967-1980 The Mike Douglas Show
0%
Film 1959 The Miracle
0%
TV Show 1954 The Motorola Television Hour
0%
TV Show 1961 The Roaring 20's
0%
Documentary 2008 The Saint Steps in... to Television
0%
Music Video 1997 The Saint Theme
0%
TV Documentary 2001 The Secret KBG UFO Abduction Files
0%
TV Documentary 1999 The Secret KGB JFK Assassination Files
0%
TV Documentary 2001 The Secret KGB Paranormal Files
0%
TV Documentary 2001 The Secret KGB Sex Files
0%
TV Documentary 1998 The Secret KGB UFO Files
0%
Film 1961 The Sins of Rachel Cade
0%
TV Show 1985 The Start of Something Big
0%
TV Show 1959 The Third Man
0%
TV Show 1965 The Trials of O'Brien
0%
Documentary 2006 The True Story of the Nativity
0%
TV Documentary 1994 The Vision: The Making of the 'Three Tenors in Concert'
0%
Audiobook 1994 Thunder Point
0%
Music Video 1997 Too Much
0%
TV Show 2012 Top Gear
0%
Commercial 1981-1983 Toyota Corona
0%
Film 2015 Troll Hunters
0%
Commercial 2010, 2011, 2012 UNICEF
0%
Documentary Mini-Series 2006 Unlocking Ancient Secrets of the Bible
0%
Film 1969 Vendetta for the Saint
0%
Documentary Series 1993 Viewpoint '93
0%
Theater 1965 Where Goes Love Go / Tomorrow After Tomorrow
0%
Commercial 2008 WHSmith
0%
No matching quizzes found
Score Distribution
Percent of People with Each Score
Percentile by Number Answered
Your Score History
You have not taken this quiz since the last reset